| Поле | Название | Значение |
| |
Тип записи |
i |
| |
Библиографический уровень |
m |
| 001 |
Контрольный номер |
RU/IS/BASE/322132548 |
| 005 |
Дата корректировки |
20201206204718.8 |
| 010 |
Индекс ISBN |
__ |
| d |
Цена |
136-00 |
| 101 |
Язык документа |
__ |
| a |
Язык текста |
rus |
| c |
Язык оригинала |
rus |
| 200 |
Заглавие и сведения об ответственности |
__ |
| a |
Заглавие |
Свои люди - сочтемся ; Бесприданница ; Гроза |
| f |
Первые сведения об ответственности |
А. Н. Островский ; читает Валим Цимбалов |
| b |
Общее обозначение материала |
Звукозапись |
| 210 |
Выходные данные |
__ |
| a |
Место издания |
М. |
| c |
Издательство |
Аудиокнига |
| d |
Дата издания |
2006 |
| 215 |
Физическое описание |
__ |
| a |
Объем |
1 электрон. опт. диск (Audio CD) (7 ч. 47 мин.) |
| 225 |
Серия |
__ |
| a |
Серия |
Школьная библиотека |
| 300 |
Общие примечания |
__ |
| a |
Общие примечания |
AudioCD ; MP3 ; 128 kbps ; CD-плеер с поддержкой MP3 ; Pentium-233 ; Windows 9x-XP ; CD-ROM ; звуковая карта |
| a |
Общие примечания |
Изд. в футл. |
| 323 |
Примечание о главных создателях, исполнителях, участниках |
__ |
| a |
Примечание о главных создателях, исполнителях, участниках |
Цимбалов, В. (читает) |
| 327 |
Примечание о содержании |
__ |
| a |
Примечание о содержании |
Бесприданница |
| 327 |
Примечание о содержании |
__ |
| a |
Примечание о содержании |
Гроза |
| 333 |
Примечание о целевом назначении |
__ |
| a |
Примечание о целевом назначении |
16+. Для детей старше 16 лет |
| 517 |
Другие варианты заглавия |
__ |
| a |
Другие варианты заглавия |
Бесприданница |
| 517 |
Другие варианты заглавия |
__ |
| a |
Другие варианты заглавия |
Гроза |
| 606 |
Тематические рубрики |
__ |
| a |
Основная рубрика |
Художественная литература |
| 606 |
Тематические рубрики |
__ |
| a |
Основная рубрика |
Русская литература XIX в. (произведения) |
| 610 |
Ключевые слова |
__ |
| a |
Ключевые слова |
пьесы; драмы; Катерина; Кабаниха; Лариса Огудалова; Сергей Паратов; литературные герои; литературные персонажи; тема любви; тема предательства; тема семьи; тема патриархальности; комедии; драматургия; драматические произведения |
| 686 |
Индексы других классификаций |
__ |
| a |
Классификационный индекс |
84(2=411.2)52-6я04 |
| 700 |
Автор |
_1 |
| a |
Фамилия |
Островский |
| b |
Имя |
А. Н. |
| f |
Даты |
1823-1886 |
| g |
Полное личное имя |
Александр Николаевич |
| 4 |
Код отношения |
070 |
| 801 |
Источник записи |
_0 |
| a |
Страна |
RU |
| b |
Организация |
Муниципальное бюджетное учреждение культуры "Централизованная библиотечная система" г. Сургут (Центральная городская библиотека им. А. С. Пушкина) |
| g |
Правила каталогизации |
КиК/Поспелова |
| 801 |
Источник записи |
_1 |
| a |
Страна |
RU |
| b |
Организация |
Муниципальное бюджетное учреждение культуры "Централизованная библиотечная система" г. Сургут (Центральная городская библиотека им. А. С. Пушкина) |
| g |
Правила каталогизации |
КиК/Поспелова |
| 852 |
Данные о местонахождении |
__ |
| j |
Шифр хранения |
84(2=411.2)52-6я04 |
| c |
Каталожный индекс |
84(2Рос=Рус)1-6я04 |
| i |
Авторский знак |
О-77 |
| 901 |
Тип документа |
__ |
| t |
Тип документа |
0 |
| 903 |
Характеристики (МАРС) |
__ |
| a |
Дата передачи |
20100319 |
| 969 |
Тип издания |
__ |
| a |
Тип издания |
аудиокнига; сборник |
| 990 |
Данные о заказе (DOS) |
__ |
| j |
Количество экземпляров (DOS) |
2 |
| h |
N записи в КСУ для Б/У (DOS) |
201004 |